Detalles MARC
| 000 -CABECERA |
| campo de control de longitud fija |
02085nam a2200313 i 4500 |
| 001 - NÚMERO DE CONTROL |
| campo de control |
18387 |
| 003 - IDENTIFICADOR DEL NÚMERO DE CONTROL |
| campo de control |
DO-SdUEMH |
| 005 - FECHA Y HORA DE LA ÚLTIMA TRANSACCIÓN |
| campo de control |
20260311225458.0 |
| 007 - CAMPO FIJO DE DESCRIPCIÓN FÍSICA--INFORMACIÓN GENERAL |
| campo de control de longitud fija |
ta |
| 008 - DATOS DE LONGITUD FIJA--INFORMACIÓN GENERAL |
| campo de control de longitud fija |
260217s2026 dr a|||gr|||| 00| 0dspa d |
| 020 ## - NÚMERO INTERNACIONAL ESTÁNDAR DEL LIBRO |
| Número Internacional Estándar del Libro |
9789945301465 |
| 040 ## - FUENTE DE LA CATALOGACIÓN |
| Centro catalogador/agencia de origen |
DO-SdUEMH |
| Lengua de catalogación |
spa |
| Normas de descripción |
rda |
| 041 ## - CÓDIGO DE LENGUA |
| Código de lengua del texto/banda sonora o título independiente |
spa |
| 082 04 - NÚMERO DE LA CLASIFICACIÓN DECIMAL DEWEY |
| Colección |
Colección Dominicana |
| Número de clasificación |
658.83 |
| Número de documento/Ítem |
V145i |
| 100 11 - ENTRADA PRINCIPAL--NOMBRE DE PERSONA |
| Nombre de persona |
Valdez Montero, Henry, |
| Fechas asociadas al nombre |
1980- |
| Término indicativo de función/relación |
autor |
| 9 (RLIN) |
3525 |
| 245 10 - MENCIÓN DE TÍTULO |
| Título |
Investigación científica y de mercados / |
| Mención de responsabilidad, etc. |
Henry Valdez |
| 246 #4 - FORMA VARIANTE DE TÍTULO |
| Título propio/Titulo breve |
Investigación científica y de mercados : |
| Resto del título |
en las áreas gerenciales, administrativas, financieras y científicas, Mercadotecnia, Contabilidad, Estadística, Economía, derecho, Periodismo y Política |
| 264 #1 - PRODUCCIÓN, PUBLICACIÓN, DISTRIBUCIÓN, FABRICACIÓN Y COPYRIGHT |
| Lugar de producción, publicación, distribución, fabricación |
Santo Domingo, República Dominicana : |
| Nombre del de productor, editor, distribuidor, fabricante |
Publicaciones Libertad, |
| Fecha de producción, publicación, distribución, fabricación o copyright |
2026 |
| 264 #4 - PRODUCCIÓN, PUBLICACIÓN, DISTRIBUCIÓN, FABRICACIÓN Y COPYRIGHT |
| Fecha de producción, publicación, distribución, fabricación o copyright |
©2026 |
| 300 ## - DESCRIPCIÓN FÍSICA |
| Extensión |
239 páginas : |
| Otras características físicas |
ilustraciones ; |
| Dimensiones |
22 cm. |
| 336 ## - TIPO DE CONTENIDO |
| Fuente |
rdacontent |
| Término de tipo de contenido |
texto |
| Código de tipo de contenido |
txt |
| 337 ## - TIPO DE MEDIO |
| Fuente |
rdamedia |
| Nombre del tipo de medio |
sin mediación |
| Código del tipo de medio |
n |
| 338 ## - TIPO DE SOPORTE |
| Fuente |
rdacarrier |
| Nombre del tipo de soporte |
volumen |
| Código del tipo de soporte |
nc |
| 504 ## - NOTA DE BIBLIOGRAFÍA, ETC. |
| Nota de bibliografía, etc. |
Bibliografía en páginas 233-239. |
| 505 2# - NOTA DE CONTENIDO CON FORMATO |
| Nota de contenido con formato |
El método científico -- La investigación científica -- La investigación en las ciencias sociales -- La investigación financiera -- Métodos de investigación financiera -- Tipos de métodos de investigación financiera -- La investigación criminal o criminalística -- La investigación en el derecho -- La investigación médica -- Investigación periodística -- La investigación en la política -- La investigación científica aplicada en la mercadotecnia -- Primeras obras y escritos sobre la investigación de mercados -- Objetivos, importancia y beneficios de la investigación de mercados -- Tipos de investigación de mercados -- Pasos para realizar una investigación de mercado exitosa -- Mejores técnicas para la investigación de mercado -- Orígenes de la investigación de mercados en la República Dominicana -- Conclusión sobre la investigación de mercados y la investigación en general. |
| 650 #7 - PUNTO DE ACCESO ADICIONAL DE MATERIA--TÉRMINO DE MATERIA |
| Término de materia o nombre geográfico como elemento de entrada |
Investigación de mercados |
| Subdivisión general |
Metodología |
| 9 (RLIN) |
3526 |
| 650 #4 - PUNTO DE ACCESO ADICIONAL DE MATERIA--TÉRMINO DE MATERIA |
| Término de materia o nombre geográfico como elemento de entrada |
Investigación científica |
| Subdivisión general |
Metodología |
| 9 (RLIN) |
2915 |
| 942 ## - ELEMENTOS DE PUNTO DE ACCESO ADICIONAL (KOHA) |
| Fuente del sistema de clasificación o colocación |
Dewey Decimal Classification |
| Tipo de ítem Koha |
Libro |
| Suprimir en OPAC |
No |